| 000 | 00736nam a2200205Ia 4500 | ||
|---|---|---|---|
| 001 | 17481 | ||
| 003 | GE_BSU | ||
| 008 | 181216s||||||||xx |||||||||||||| ||und|| | ||
| 040 | _cGE_BSU | ||
| 080 | _a82-93:821.353.1-32 | ||
| 100 | _aნატროშვილი, გიორგი | ||
| 245 | _aგულთმისნების ქვეყანა | ||
| 245 | _bმოთხრობები სასკოლო ასაკის ბავშვთათვის | ||
| 245 | _cრედ.:ნ.ლორთქიფანიძე;მხატვ.:ა.გახარია | ||
| 260 | _aთბილისი | ||
| 260 | _bნაკადული | ||
| 260 | _c1968 | ||
| 300 | _a113გვ. ; 16სმ. | ||
| 942 | _cBK | ||
| 999 |
_c50532 _d50532 |
||